00242nam a2200109Ia 4500008004100000100001800041245002000059260001500079260000900094546001200103999001700115170619s9999 xx 000 0 und d aKazimi- S M A 0aSolid Mechanics bDelhi: TMH c2004 aENGLISH c16743d16743